000 00960nam a2200253Ia 4500
003 OSt
005 20220923212546.0
006 a|||||r|||| 00| 0
007 ta
008 220922b |||||||| |||| 00| 0 hin d
024 _a154,040
037 _cTextual
040 _aARTS
_cARTS
_bhin
041 _2hin
_ahin
082 _aO152vN6, L5
100 _aरेड्डी, जा0 सुन्हर, संपा.
_9162591
245 0 _aहिन्दी साहित्य के विकास में दक्षिण का योगदान
246 _aHindī sāhitya ke vikās mean dakṣhiṇ kā yogadāna
260 _aदिल्ली
_b राजपाल एण्ड संस
_c1975
300 _a104 पृ.
_ccm.
650 _aहिन्दी साहित्य
_9156264
942 _hO152vN6, L5
_cTEXL
_2CC
999 _c309668
_d309668